000 00473nam a22001577a 4500
999 _c9085
_d9085
008 210323b ||||| |||| 00| 0 eng d
040 _aBMS College of Architecture
100 _aTippa, Shreekar, Anup
245 _aElectronic city centre
300 _a95p.
500 _a1BM06AT006
502 _8B.Arch
_NBMS College of Architecture, Visvesvaraya Technological University
_aProject report
_d2011
650 _aCity
700 _aSindhu Srikanth
_eGuide
942 _2ddc
_cTHE